Načítá se...
Sexual symbolism from the vedic ritual /
| Hlavní autor: | |
|---|---|
| Médium: | Printed Book |
| Jazyk: | English |
| Vydáno: |
Delhi :
Ajanta,
1979.
|
| LEADER | 00443nam a2200121Ia 4500 | ||
|---|---|---|---|
| 008 | 150624b xxu||||| |||| 00| 0 eng d | ||
| 100 | |a Dangee, Sadashiv Ambadas | ||
| 245 | |a Sexual symbolism from the vedic ritual / |c Sadashiv Ambadas Dangee | ||
| 260 | |a Delhi : |b Ajanta, |c 1979. | ||
| 300 | |a 251 p. | ||
| 942 | |c BK | ||
| 999 | |c 31954 |d 31954 | ||
| 952 | |0 1 |1 0 |4 0 |7 0 |9 31953 |a UL |b UL |c TR |d 1998-09-01 |l 0 |p 44121 |r 2012-10-27 |w 2012-10-27 |y BK |z Transferred to Dept. of Sanskrit | ||